| 000 | 01091nam a2200253Ia 4500 | ||
|---|---|---|---|
| 999 |
_c51116 _d51116 |
||
| 001 | 18073 | ||
| 003 | GE_BSU | ||
| 005 | 20200517230723.0 | ||
| 008 | 181216s1978||||ge |||||||||||||| ||geo|| | ||
| 040 | _cGE_BSU | ||
| 041 | _ageo | ||
| 080 | _a81 + 811.353.1 ჭ-83 | ||
| 100 |
_aჭუმბურიძე, ზურაბ _98055 |
||
| 245 |
_aროგორ გაჩნდა სიტყვა / _cზურაბ ჭუმბურიძე ; რედ. ნ. ჯოლოხავა ; მხატვ. გ. ენაგელი. |
||
| 250 | _aპირველი-მეორე გამოცემა | ||
| 264 |
_aთბილისი : _bნაკადული, _c1978. |
||
| 300 |
_a180 გვ. ; _c20 სმ. |
||
| 653 | _aენათმეცნიერება | ||
| 653 | _aქართული ენა | ||
| 653 | _aროგორ გაჩნდა სიტყვა | ||
| 700 |
_a ჯოლოხავა, ნ. _eრედაქტორი _98075 |
||
| 700 |
_aენაგელი, გ. _eმხატვარი _98076 |
||
| 942 |
_cBK _2udc |
||